Sports Quiz

Random Sports or Baseball Quiz

Milwaukee Brewers Leaders for Total Bases since 1975 Quiz Stats

 Plays Quiz not verified by Sporcle

Challenge
Share
Tweet
Embed
Score 0/42 Timer 05:00
0 Plays Today
Year Player % Correct
2012Ryan Braun
100%
2011Ryan Braun
100%
2010Ryan Braun
100%
2009Prince Fielder
100%
2008Ryan Braun
100%
2007Prince Fielder
100%
2015Ryan Braun
100%
1989Robin Yount
97.9%
1988Robin Yount
97.9%
1987Robin Yount
97.9%
1986Robin Yount
97.9%
1984Robin Yount
97.9%
1982Robin Yount
97.9%
1992Paul Molitor
93.8%
1991Paul Molitor
93.8%
1985Cecil Cooper
89.6%
1983Cecil Cooper
89.6%
1981Cecil Cooper
89.6%
1980Cecil Cooper
89.6%
1979 (tie)Cecil Cooper
89.6%
1977Cecil Cooper
89.6%
Year Player % Correct
1979 (tie)Gorman Thomas
83.3%
2003Richie Sexson
81.9%
2002Richie Sexson
81.9%
2001Richie Sexson
81.9%
2014Carlos Gomez
80.6%
2013Carlos Gomez
80.6%
1998Jeromy Burnitz
71.5%
1997Jeromy Burnitz
71.5%
2004Geoff Jenkins
68.1%
2000Geoff Jenkins
68.1%
1993Greg Vaughn
57.6%
1999Jeff Cirillo
47.2%
1976George Scott
47.2%
1975George Scott
47.2%
2006Bill Hall
45.8%
1996John Jaha
45.8%
1978Larry Hisle
43.8%
2005Carlos Lee
36.1%
1994Dave Nilsson
27.1%
1995Kevin Seitzer
26.4%
1990Dave Parker
23.6%

You're not logged in!

Compare scores with friends on all Sporcle quizzes.
Join for Free
OR
Log In

You Might Also Like...

Show Comments

Extras

Top Quizzes Today


Score Distribution

Your Account Isn't Verified!

In order to create a playlist on Sporcle, you need to verify the email address you used during registration. Go to your Sporcle Settings to finish the process.

Report this User

Report this user for behavior that violates our Community Guidelines.

Details: